Building supportive communities for at-risk adolescents: it takes more than services

Saved in:  
Bibliographic Details
Authors: Burt, Martha R. (Author) ; Resnick, Gary (Author) ; Novick, Emily R. (Author)
Format: Print Book
Language:English
Published: Washington, D.C American Psychological Association 1998
In:Year: 1998
Edition:1st ed
Availability in Tübingen:Present in Tübingen.
UB: KB 19 A 8257
Check availability: HBZ Gateway
Subito Delivery Service: Order now.
Keywords:

MARC

LEADER 00000cam a2200000 c 4500
001 237266881
003 DE-627
005 20251222210317.0
007 tu
008 971201s1998 xxu||||| 00| ||eng c
016 7 |a 1557984662  |2 UK 
020 |a 1557984662  |c pbk. : acid-free paper  |9 1-55798-466-2 
035 |a (DE-627)237266881 
035 |a (DE-576)074724126 
035 |a (DE-599)GBV237266881 
035 |a (OCoLC)37806044 
035 |a (OCoLC)37806044 
040 |a DE-627  |b ger  |c DE-627  |e rakwb 
041 |a eng 
044 |c XD-US 
050 0 |a HV1431 
082 0 |a 362.7/083  |q LOC  |2 21 
084 |a 79.16  |2 bkl 
084 |a 71.29  |2 bkl 
100 1 |a Burt, Martha R.  |4 aut 
109 |a Burt, Martha R.  |a Burt, Martha 
245 1 0 |a Building supportive communities for at-risk adolescents  |b it takes more than services  |c Martha R. Burt, Gary Resnick, and Emily R. Novick 
250 |a 1st ed 
264 1 |a Washington, D.C  |b American Psychological Association  |c 1998 
300 |a X, 314 S  |c 26 cm 
336 |a Text  |b txt  |2 rdacontent 
337 |a ohne Hilfsmittel zu benutzen  |b n  |2 rdamedia 
338 |a Band  |b nc  |2 rdacarrier 
500 |a Includes bibliographical references (p. 291-302) and index 
583 1 |a Archivierung prüfen  |c 20200919  |f DE-640  |z 1  |2 pdager 
650 0 |a Teenagers  |x Services for  |z United States 
689 0 0 |d s  |0 (DE-588)4028892-4  |0 (DE-627)106276573  |0 (DE-576)208979980  |a Jugendhilfe  |2 gnd 
689 0 1 |d s  |0 (DE-588)4028859-6  |0 (DE-627)104419199  |0 (DE-576)208979859  |a Jugend  |2 gnd 
689 0 2 |d g  |0 (DE-588)4078704-7  |0 (DE-627)106076612  |0 (DE-576)209209682  |a USA  |2 gnd 
689 0 3 |d s  |0 (DE-588)4055676-1  |0 (DE-627)106157159  |0 (DE-576)209114959  |a Sozialarbeit  |2 gnd 
689 0 |5 (DE-627) 
700 1 |a Resnick, Gary  |4 aut 
700 1 |a Novick, Emily R.  |4 aut 
935 |i Blocktest 
936 b k |a 79.16  |j Jugendhilfe  |x Sozialarbeit  |0 (DE-627)106412930 
936 b k |a 71.29  |j Formen des Zusammenlebens: Sonstiges  |0 (DE-627)106416103 
951 |a BO 
ELC |b 1 
LOK |0 000 xxxxxcx a22 zn 4500 
LOK |0 001 3081354420 
LOK |0 003 DE-627 
LOK |0 004 237266881 
LOK |0 005 20000907000000 
LOK |0 008 000821||||||||||||||||ger||||||| 
LOK |0 040   |a DE-21  |c DE-627  |d DE-21 
LOK |0 852   |a DE-21 
LOK |0 852 1  |c KB 19 A 8257  |9 00 
LOK |0 935   |a krim 
LOK |0 936ln  |a k9.3.3 
LOK |0 939   |a 21-08-00  |b l01 
ORI |a SA-MARC-krimdoka001.raw 
SIG |a UB: KB 19 A 8257